000 00570nam a2200205aa 4500
003 OSt
005 20151208164758.0
008 020226s1978 esp 0011 spa d
020 _a84-7454-026-7
040 _cBMC
082 _a813.5
100 1 _aSegal, Erich
_931450
_d1937-2010
245 1 0 _aLove story
_cErich Segal ; [traducción, Ramón Hernández]
250 _a1ª ed
260 _aBarcelona
_bMundo Actual de Ediciones
_c1978
300 _a149 p.
_c20 cm
650 2 4 _917595
_aNovela norteamericana
700 1 _932296
_aHernández, Ramón
942 _2ddc
_cBK
999 _c23791
_d23791